000 00760nam a2200253Ia 4500
003 OSt
005 20221005081942.0
006 a|||||r|||| 00| 0
007 ta
008 221004b |||||||| |||| 00| 0 221004b |||||||| |||| 00| 0 snd d d
020 _a9788126052561 (pbk)
_cIndian Rupees 50
024 _a44176
037 _bGift, 07/06/2019,
_cTextual
040 _aCRL
_cCRL
_bsie
041 _2sie
_asie
082 _aO1593:g, 111Q7
100 _aGehani Mohan Au.
_9611416
245 0 _aKirat babani
260 _aNew Delhi
_bSahitya Academi India
_c2017
300 _a79p.
_ccm.
650 _aSINDHI LITERATURE
942 _hO1593:g, 111Q7
_cTEXL
_2cc
999 _c988518
_d988518